000 00445nam a2200193Ia 4500
005 20250603145018.0
008 250603s9999 xx 000 0 und d
020 _a9781292021508
050 _aHG 4027.5 .M64/
100 _aMoffett, Michael H.
245 0 _aFundamentals of multinational finance
250 _a4th ed.
260 _aBoston
260 _bPearson
260 _c2014
300 _a554 p
650 _aBoston
942 _cBK
999 _c40608
_d40608